Architektura a stavebnictví České republiky 1992 - 2002 /

Gespeichert in:
Bibliographische Detailangaben
1. Verfasser: Konicar, Jan (Verfasst von)
Format: Buch
Sprache:Tschechisch
Veröffentlicht: Praha : Informační centrum ČKAIT, 2002
Ausgabe:1. vyd.
Tags: Tag hinzufügen
Keine Tags, Fügen Sie das erste Tag hinzu!

MARC

LEADER 00000nam a22000003a 4500
001 0006940
003 SK-STU
005 20150916120947.4
007 ta
008 150916s ----xo-----e------000-0-----d
020 |a 80-86364-65-8 
040 |a STU  |b slo 
041 0 |a cze 
044 |a xr 
100 1 |a Konicar, Jan  |4 aut 
245 1 0 |a Architektura a stavebnictví České republiky 1992 - 2002 /  |c aut. Jan Konicar 
250 |a 1. vyd. 
260 |a Praha :  |b Informační centrum ČKAIT,  |c 2002 
300 |a 415 s. 
996 |b 284V036799  |c V* 52198/O-23366  |l VVT  |s A  |a 24  |w 0006940_0001